[Event "DEM U12 2011"]
[Site "Oberhof GER"]
[Date "2011.06.15"]
[Round "7"]
[White "Zech, Anna"]
[Black "Lederer, Leia"]
[Result "1/2-1/2"]
[Termination "normal"]
[Board "41"]
[WhiteElo "957"]
[BlackElo "1252"]
[PlyCount "62"]
[WhiteFideId "12909424"]
[BlackFideId "12926353"]
[EventCountry "GER"]
[EventRounds "11"]
[EventType "swiss"]
[EventDate "2011.06.11"]

1. e4 c5 2. Nf3 Nc6 3. d4 cxd4 4. Nxd4 g6 5. Nc3 Bg7 6. Be3 Nf6 7. Be2 O-O 8.
O-O e5 9. Nf3 d6 10. Nd5 Ng4 11. Bd2 Be6 12. Ng5 h5 13. h3 Nf6 14. Nxf6+ Bxf6
15. Nxe6 fxe6 16. Bh6 Bg7 17. Be3 Rf7 18. Bc4 Qe7 19. Qd2 Kh7 20. Bg5 Qd7 21.
Rad1 Nd4 22. Be3 Rc8 23. Bd3 Rcf8 24. c3 Nc6 25. Bb5 a6 26. Ba4 b5 27. Bb3 Rd8
28. Bb6 Rb8 29. Bc5 Bf8 30. Qd3 Rd8 31. Bb6 Rb8 1/2-1/2

[Event "DEM U12 2011"]
[Site "Oberhof GER"]
[Date "2011.06.15"]
[Round "7"]
[White "Tiedemann, Fin Niklas"]
[Black "Torgashov, Katerina"]
[Result "1-0"]
[Termination "normal"]
[Board "42"]
[WhiteElo "1525"]
[BlackElo "1043"]
[PlyCount "101"]
[WhiteFideId "12936936"]
[BlackFideId "12938173"]
[EventCountry "GER"]
[EventRounds "11"]
[EventType "swiss"]
[EventDate "2011.06.11"]

1. e4 e5 2. Nf3 Nc6 3. Bc4 Bc5 4. d3 Nf6 5. Bg5 h6 6. Bh4 O-O 7. O-O Be7 8.
Bxf6 Bxf6 9. c3 d6 10. Re1 Bg4 11. h3 Bh5 12. Nbd2 a6 13. Nf1 Bg6 14. Ng3 Ne7
15. Bb3 Qd7 16. d4 exd4 17. cxd4 Nc6 18. e5 dxe5 19. dxe5 Qxd1 20. Raxd1 Be7
21. Rd7 Rac8 22. Bd5 Bc5 23. Bxc6 bxc6 24. Rc1 Bb6 25. Rxc6 a5 26. Nh4 Rce8 27.
Nxg6 fxg6 28. Rxg6 Bxf2+ 29. Kh2 Bxg3+ 30. Kxg3 Rf7 31. Rxf7 Kxf7 32. Rc6 Rxe5
33. Rxc7+ Kg6 34. Rc6+ Kh7 35. a3 g5 36. Kh2 Rb5 37. Ra6 Rxb2 38. Rxa5 Kg7 39.
a4 Kf7 40. Ra6 h5 41. a5 Ke7 42. Ra8 Kd7 43. a6 Ra2 44. a7 g4 45. hxg4 hxg4 46.
Rh8 Rxa7 47. Rh7+ Ke6 48. Rxa7 Kf5 49. Kg3 Kg5 50. Ra5+ Kf6 51. Kxg4 1-0

[Event "DEM U12 2011"]
[Site "Oberhof GER"]
[Date "2011.06.15"]
[Round "7"]
[White "Silber, Stefanie"]
[Black "Kühn, Kolja"]
[Result "1-0"]
[Termination "normal"]
[Board "43"]
[WhiteElo "1095"]
[BlackElo "1273"]
[PlyCount "145"]
[WhiteFideId "12918245"]
[BlackFideId "12938106"]
[EventCountry "GER"]
[EventRounds "11"]
[EventType "swiss"]
[EventDate "2011.06.11"]

1. e4 d5 2. exd5 Qxd5 3. Nc3 Qd8 4. d4 g6 5. Nf3 Bg7 6. Be3 Nc6 7. Qd2 Bf5 8.
O-O-O e5 9. dxe5 Nxe5 10. Qxd8+ Rxd8 11. Rxd8+ Kxd8 12. Nxe5 Bxe5 13. Nb5 a6
14. Nd4 Bd7 15. Bc4 Ke7 16. Nf3 Bd6 17. Re1 Kf8 18. Bd4 f6 19. Ng5 b5 20. Nf7
bxc4 21. Nxh8 Kg7 22. Nxg6 hxg6 23. h4 Ne7 24. Bc3 Nc6 25. Re4 Ne5 26. f4 Bc6
27. Re2 Ng4 28. g3 Bc5 29. Kb1 Kf7 30. Rd2 Ke7 31. Bd4 Bb4 32. c3 Be4+ 33. Ka1
Ba5 34. Re2 f5 35. b4 Bb6 36. Bxb6 cxb6 37. a4 Kd6 38. Rd2+ Bd3 39. Rd1 Nf6 40.
Rg1 Kd5 41. Kb2 Ng4 42. Re1 Be4 43. Rd1+ Bd3 44. Rh1 Nf6 45. Kc1 Ne4 46. h5
gxh5 47. Rxh5 Nxc3 48. g4 Ne2+ 49. Kd2 c3+ 50. Kxd3 Nxf4+ 51. Kxc3 Nxh5 52.
gxh5 Ke5 53. h6 Kf6 54. Kd4 Kg6 55. Ke5 a5 56. b5 Kxh6 57. Kxf5 Kg7 58. Ke6 Kf8
59. Kd7 Kf7 60. Kc7 Ke7 61. Kxb6 Kd8 62. Kxa5 Kc8 63. Kb6 Kb8 64. a5 Ka8 65.
Kc7 Ka7 66. b6+ Ka6 67. b7 Kb5 68. b8=Q+ Kc5 69. Qd8 Kb5 70. Qd5+ Ka6 71. Qb3
Kxa5 72. Kc6 Ka6 73. Qb6# 1-0

[Event "DEM U12 2011"]
[Site "Oberhof GER"]
[Date "2011.06.15"]
[Round "7"]
[White "Richardt, Angelina"]
[Black "Boussonville, Anna"]
[Result "1/2-1/2"]
[Termination "normal"]
[Board "44"]
[WhiteElo "1146"]
[BlackElo "996"]
[PlyCount "39"]
[WhiteFideId "12938149"]
[BlackFideId "12929689"]
[EventCountry "GER"]
[EventRounds "11"]
[EventType "swiss"]
[EventDate "2011.06.11"]

1. e4 c6 2. d4 d5 3. exd5 cxd5 4. Bd3 Nc6 5. c3 Nf6 6. Bf4 h6 7. h3 e6 8. Nf3
Bd6 9. Ne5 Bxe5 10. Bxe5 Nxe5 11. dxe5 Nd7 12. f4 Nc5 13. Bc2 Bd7 14. O-O Qc7
15. Re1 O-O-O 16. Qd4 Kb8 17. b4 Na4 18. Qd2 f5 19. Rf1 Rhg8 20. Rf3 1/2-1/2

[Event "DEM U12 2011"]
[Site "Oberhof GER"]
[Date "2011.06.15"]
[Round "7"]
[White "Usczeck, Alina"]
[Black "Ley, Sabrina"]
[Result "1-0"]
[Termination "normal"]
[Board "45"]
[WhiteElo "1219"]
[BlackElo "1156"]
[PlyCount "84"]
[WhiteFideId "12938114"]
[BlackFideId "12938130"]
[EventCountry "GER"]
[EventRounds "11"]
[EventType "swiss"]
[EventDate "2011.06.11"]

1. d4 e6 2. Nf3 d5 3. e3 Nf6 4. Bd3 Bd6 5. b3 c6 6. Bb2 Nbd7 7. Ne5 Qc7 8. f4
Bxe5 9. fxe5 Ng8 10. O-O Ne7 11. Nd2 Ng6 12. Qf3 f6 13. Qg4 f5 14. Qg5 Nb6 15.
Ba3 Qf7 16. g4 h6 17. Qh5 Ne7 18. Qxf7+ Kxf7 19. Bxe7 Kxe7 20. gxf5 Rf8 21.
fxe6 Bxe6 22. Rxf8 Rxf8 23. Rf1 Rg8 24. Bg6 Nd7 25. Nf3 b5 26. Nh4 a5 27. Bf5
Bxf5 28. Nxf5+ Ke6 29. Kg2 c5 30. Rf3 h5 31. Nh4 g5 32. Nf5 c4 33. Kg3 cxb3 34.
cxb3 Nb6 35. Rf2 Kd7 36. Nd6 Kc6 37. Rc2+ Kd7 38. Nxb5 Ke6 39. Rc6+ Kf5 40.
Rxb6 Ke4 41. Rf6 Kxe3 42. e6 Ke4 1-0

[Event "DEM U12 2011"]
[Site "Oberhof GER"]
[Date "2011.06.15"]
[Round "7"]
[White "Weiten, Anna"]
[Black "Oberhofer, Marie"]
[Result "0-1"]
[Termination "normal"]
[Board "47"]
[WhiteElo "872"]
[BlackElo "1068"]
[PlyCount "146"]
[WhiteFideId "12938203"]
[BlackFideId "12938165"]
[EventCountry "GER"]
[EventRounds "11"]
[EventType "swiss"]
[EventDate "2011.06.11"]

1. e4 c5 2. Nf3 d6 3. d4 cxd4 4. Nxd4 Nf6 5. Nc3 g6 6. Bc4 Bg7 7. Bg5 O-O 8.
O-O Nc6 9. Qd3 Nxe4 10. Nxc6 bxc6 11. Qxe4 d5 12. Nxd5 cxd5 13. Bxd5 Rb8 14.
Bxe7 Bf5 15. Bxd8 Bxe4 16. Bxe4 Rfxd8 17. Rfe1 Rxb2 18. Rad1 Rdb8 19. a4 Bc3
20. Rf1 R8b4 21. Bc6 Rxc2 22. Rc1 Rbb2 23. Rxc2 Rxc2 24. Rd1 Bd4 25. Be4 Bxf2+
26. Kf1 Ra2 27. Bf3 Bb6 28. Bc6 Kg7 29. Ke1 Ba5+ 30. Kf1 Rd2 31. Rxd2 Bxd2 32.
Ke2 Bb4 33. g4 Kf6 34. Kf3 Kg5 35. Kg3 Be1+ 36. Kf3 Kh4 37. Bd5 f6 38. Bg8 h6
39. Bh7 g5 40. Bf5 Kh3 41. Ke2 Bb4 42. Kf3 Kxh2 43. Bg6 Kh3 44. Bf5 Kh4 45. Bg6
a5 46. Bf7 f5 47. gxf5 Kh3 48. Bd5 g4+ 49. Kf2 Bc5+ 50. Kf1 g3 51. Bg2+ Kh2 52.
Bd5 h5 53. f6 h4 54. f7 h3 55. f8=Q Bxf8 56. Be4 g2+ 57. Bxg2 hxg2+ 58. Kf2
g1=Q+ 59. Kf3 Qg2+ 60. Kf4 Qg3+ 61. Kf5 Qh4 62. Ke5 Qxa4 63. Kd5 Qb4 64. Ke5 a4
65. Kd5 a3 66. Ke5 a2 67. Kd5 a1=Q 68. Ke6 Qc4+ 69. Kf5 Qa5+ 70. Kf6 Qc6+ 71.
Kf7 Qa7+ 72. Kg8 Ba3 73. Kh8 Qc8# 0-1

[Event "DEM U12 2011"]
[Site "Oberhof GER"]
[Date "2011.06.16"]
[Round "8"]
[White "Höglauer, Patrick"]
[Black "Baskin, Robert"]
[Result "1/2-1/2"]
[Termination "normal"]
[Board "2"]
[WhiteElo "1764"]
[BlackElo "1940"]
[PlyCount "117"]
[WhiteFideId "1270548"]
[BlackFideId "24662402"]
[EventCountry "GER"]
[EventRounds "11"]
[EventType "swiss"]
[EventDate "2011.06.11"]

1. d4 Nf6 2. c4 e6 3. Nf3 b6 4. a3 Ba6 5. Bg5 Bxc4 6. Nc3 Be7 7. g3 O-O 8. Bg2
d5 9. O-O Ba6 10. Re1 c5 11. Rc1 Nbd7 12. e3 Bb7 13. Rc2 Rc8 14. Qc1 h6 15.
Bxf6 Nxf6 16. Rd1 cxd4 17. Nxd4 Nd7 18. e4 dxe4 19. Bxe4 Bxe4 20. Nxe4 Rxc2 21.
Qxc2 Bc5 22. Nxc5 bxc5 23. Nc6 Qc7 24. Qa4 Nb6 25. Qe4 Rc8 26. Ne5 Rd8 27.
Rxd8+ Qxd8 28. Qf3 Qc7 29. Nd3 Nd5 30. Qe2 c4 31. Nb4 Qc5 32. Nxd5 Qxd5 33. Qc2
Qd3 34. Qc3 Qxc3 35. bxc3 Kf8 36. Kg2 Ke7 37. Kf3 Kd6 38. Ke4 Kc5 39. Ke5 Kb5
40. Kd4 e5+ 41. Kxe5 Ka4 42. Kd4 Kb3 43. a4 a5 44. g4 Kxa4 45. Kxc4 Ka3 46. Kd5
Kb3 47. c4 a4 48. c5 a3 49. c6 a2 50. c7 a1=Q 51. c8=Q Qh1+ 52. Kd4 Qd1+ 53.
Ke3 Qe1+ 54. Kf3 Qc3+ 55. Qxc3+ Kxc3 56. Ke3 Kc2 57. h4 Kd1 58. f4 Ke1 59. h5
1/2-1/2

[Event "DEM U12 2011"]
[Site "Oberhof GER"]
[Date "2011.06.16"]
[Round "8"]
[White "Greßmann, Moritz"]
[Black "Péczely, Sebastian Zsomber"]
[Result "0-1"]
[Termination "normal"]
[Board "3"]
[WhiteElo "1738"]
[BlackElo "1967"]
[PlyCount "44"]
[WhiteFideId "24695084"]
[BlackFideId "750964"]
[EventCountry "GER"]
[EventRounds "11"]
[EventType "swiss"]
[EventDate "2011.06.11"]

1. c4 Nf6 2. Nc3 c6 3. d4 d5 4. Nf3 e6 5. Bg5 h6 6. Bh4 g5 7. Bg3 dxc4 8. e3 b5
9. Be5 Nbd7 10. Rc1 Bb7 11. Be2 Nxe5 12. Nxe5 Bd6 13. Ng4 Nxg4 14. Bxg4 a6 15.
O-O Qc7 16. g3 O-O-O 17. Qc2 h5 18. Be2 h4 19. a4 hxg3 20. b3 Rxh2 21. bxc4
Rdh8 22. Bf3 f5 0-1

[Event "DEM U12 2011"]
[Site "Oberhof GER"]
[Date "2011.06.16"]
[Round "8"]
[White "Dürr, Florian"]
[Black "Graf, Clara Victoria"]
[Result "1-0"]
[Termination "normal"]
[Board "4"]
[WhiteElo "1819"]
[BlackElo "1710"]
[PlyCount "63"]
[WhiteFideId "24659134"]
[BlackFideId "1270339"]
[EventCountry "GER"]
[EventRounds "11"]
[EventType "swiss"]
[EventDate "2011.06.11"]

1. f4 c5 2. b3 Nc6 3. Nf3 d5 4. e3 Nf6 5. Bb2 g6 6. Bb5 Bd7 7. O-O Bg7 8. d3
O-O 9. Nbd2 a6 10. Bxc6 Bxc6 11. Qe2 Re8 12. Ne5 Qc7 13. Ndf3 Nd7 14. Rad1 b5
15. Ng5 f6 16. Ne6 Qd6 17. Nxg7 Kxg7 18. Nxc6 Qxc6 19. e4 d4 20. c3 e5 21. fxe5
fxe5 22. cxd4 cxd4 23. Ba3 Rac8 24. Rc1 Qe6 25. Bb4 Nf6 26. Bd2 Qg4 27. Qf2 Rf8
28. Rxc8 Qxc8 29. Bb4 Rf7 30. h3 Qc7 31. Bd2 Qc2 32. Bh6+ 1-0

[Event "DEM U12 2011"]
[Site "Oberhof GER"]
[Date "2011.06.16"]
[Round "8"]
[White "Flüchter, Gregor"]
[Black "Schmidt, Tobias"]
[Result "1/2-1/2"]
[Termination "normal"]
[Board "5"]
[WhiteElo "1822"]
[BlackElo "1580"]
[PlyCount "61"]
[WhiteFideId "12903396"]
[BlackFideId "1271683"]
[EventCountry "GER"]
[EventRounds "11"]
[EventType "swiss"]
[EventDate "2011.06.11"]

1. e4 e6 2. d4 d5 3. Nd2 c5 4. exd5 Qxd5 5. Ngf3 cxd4 6. Nb3 Nc6 7. Nfxd4 Nxd4
8. Nxd4 a6 9. Be3 Nf6 10. Nf3 Be7 11. Be2 O-O 12. O-O Qxd1 13. Raxd1 Nd5 14.
Bd4 b5 15. Be5 Bb7 16. Bg3 Rfd8 17. c3 Nf6 18. Nd4 Rd7 19. Bf3 Bxf3 20. Nxf3
Rad8 21. Rxd7 Rxd7 22. Re1 Bd6 23. Bxd6 Rxd6 24. Kf1 Kf8 25. Re2 Rd1+ 26. Re1
Rxe1+ 27. Kxe1 Ke7 28. Ke2 h6 29. Ne1 Kd6 30. Nd3 Nd5 31. g3 1/2-1/2

[Event "DEM U12 2011"]
[Site "Oberhof GER"]
[Date "2011.06.16"]
[Round "8"]
[White "Petrashov, Alexander"]
[Black "Mager, Denis"]
[Result "1/2-1/2"]
[Termination "normal"]
[Board "6"]
[WhiteElo "1644"]
[BlackElo "1741"]
[PlyCount "198"]
[WhiteFideId "24662461"]
[BlackFideId "24691127"]
[EventCountry "GER"]
[EventRounds "11"]
[EventType "swiss"]
[EventDate "2011.06.11"]

1. d4 d5 2. c4 c6 3. Nf3 Nf6 4. e3 e6 5. Nc3 Nbd7 6. Bd3 Bd6 7. O-O O-O 8. cxd5
exd5 9. Bd2 Re8 10. Qc2 Qe7 11. Rae1 Ne4 12. Bc1 Ndf6 13. Nd2 Nxd2 14. Qxd2 Ng4
15. f4 f5 16. h3 Nf6 17. Qc2 g6 18. Qf2 Bb4 19. Qh4 Bxc3 20. bxc3 Nh5 21. Qxe7
Rxe7 22. Ba3 Re8 23. Bd6 Nf6 24. Be5 Nd7 25. Bc2 Nb6 26. Bb3 a5 27. Rf2 a4 28.
Bc2 Nd7 29. Bd3 b6 30. Rb1 Ba6 31. Bc2 Bc4 32. a3 Kf7 33. g4 Ke6 34. g5 Ra5 35.
Rb4 c5 36. Rb2 b5 37. Bd1 Rc8 38. Rfc2 Bb3 39. Rd2 Bxd1 40. Rxd1 Nb6 41. Kf2
Nc4 42. Ra2 Ra6 43. Rb1 Ra5 44. Ke2 cxd4 45. Bxd4 Nd6 46. Kd3 Nc4 47. Rb4 Kd6
48. Rb1 Kc6 49. h4 Rc7 50. Rc1 Ra8 51. Re1 Re7 52. Ree2 Na5 53. Re1 Rae8 54.
Be5 Nc4 55. Bd4 Re4 56. Ree2 Na5 57. Rab2 Nb3 58. Rbc2 R8e6 59. Be5 Nc5+ 60.
Kd2 Nb7 61. Kd3 Na5 62. Bd4 Re8 63. Rb2 Nb3 64. Rbc2 Rc8 65. Be5 Rc4 66. Bd4
Re8 67. Be5 Re6 68. Rh2 Nc5+ 69. Kd2 Ne4+ 70. Kd3 Nc5+ 71. Kd2 Re4 72. Rh3 Nb3+
73. Kd3 Na5 74. Bd4 Nc4 75. Ra2 Kd6 76. Rg3 Re8 77. Rh3 Kc6 78. Ra1 R4e6 79.
Ra2 Na5 80. Rc2 R6e7 81. Ra2 Nb3 82. Rc2 Rc8 83. Be5 Re6 84. Rhh2 Na5 85. Bd4
Re7 86. Rhg2 Rce8 87. Ra2 Re6 88. Rg1 Nb3 89. Rc2 Kd6 90. Be5+ Kc6 91. Bd4 Rc8
92. Re1 Nc5+ 93. Kd2 Rce8 94. Be5 Nb7 95. Bd4 Re4 96. Re2 Nd6 97. Kd3 R8e6 98.
Ra2 Nf7 99. Bg7 Kc5 1/2-1/2

[Event "DEM U12 2011"]
[Site "Oberhof GER"]
[Date "2011.06.16"]
[Round "8"]
[White "Bergauz, Noam"]
[Black "Vogel, Roven"]
[Result "1-0"]
[Termination "normal"]
[Board "7"]
[WhiteElo "1591"]
[BlackElo "1759"]
[PlyCount "103"]
[WhiteFideId "12938033"]
[BlackFideId "12908088"]
[EventCountry "GER"]
[EventRounds "11"]
[EventType "swiss"]
[EventDate "2011.06.11"]

1. e4 c6 2. d4 d5 3. exd5 cxd5 4. c4 e6 5. Nc3 Nf6 6. Nf3 Be7 7. Bg5 O-O 8. c5
h6 9. Bh4 b6 10. b4 Bb7 11. Ne5 Ne4 12. Nxe4 dxe4 13. Bxe7 Qxe7 14. Rc1 Rd8 15.
a3 f6 16. Ng6 Qe8 17. Nf4 Nc6 18. Bb5 a5 19. Nxe6 Qxe6 20. Bc4 Rd5 21. b5 Ne7
22. c6 Bc8 23. O-O Qd6 24. Bxd5+ Nxd5 25. a4 Be6 26. Qe2 f5 27. Rfd1 Nf4 28.
Qe3 Nd3 29. Rb1 Rd8 30. d5 Bxd5 31. Qxb6 Ra8 32. Qb7 Qd8 33. Rd2 Rb8 34. Qa6
Ra8 35. Qb7 Nc5 36. c7 Nxb7 37. cxd8=Q+ Rxd8 38. Rbd1 Rc8 39. Rxd5 g6 40. Rd7
Nc5 41. Rd8+ Rxd8 42. Rxd8+ Kf7 43. Rd4 Ke6 44. b6 Ke5 45. Rd8 Nb7 46. Rd7 Nc5
47. Ra7 Kd6 48. Rxa5 Nb7 49. Ra7 Kc6 50. a5 Nxa5 51. Rxa5 Kxb6 52. Re5 1-0

[Event "DEM U12 2011"]
[Site "Oberhof GER"]
[Date "2011.06.16"]
[Round "8"]
[White "Lagunow, Raphael"]
[Black "Pallas, Sebastian"]
[Result "1-0"]
[Termination "normal"]
[Board "8"]
[WhiteElo "1711"]
[BlackElo "1813"]
[PlyCount "101"]
[WhiteFideId "24652644"]
[BlackFideId "12905453"]
[EventCountry "GER"]
[EventRounds "11"]
[EventType "swiss"]
[EventDate "2011.06.11"]

1. e4 c5 2. c3 Nf6 3. e5 Nd5 4. d4 cxd4 5. Qxd4 e6 6. Nf3 Nc6 7. Qe4 f5 8. Qe2
Qc7 9. g3 b5 10. Bg2 a5 11. O-O Ba6 12. Re1 Bc5 13. Qc2 Rb8 14. Nbd2 Ncb4 15.
Qb1 Nc6 16. Nb3 Be7 17. Nbd4 O-O 18. Nxc6 dxc6 19. Nd4 Qd7 20. Qc2 c5 21. Ne2
Bb7 22. Bd2 Rfd8 23. Rad1 Qe8 24. c4 Nb4 25. Bxb4 axb4 26. Bxb7 Rxd1 27. Rxd1
Rxb7 28. Nf4 Bg5 29. Rd6 Bxf4 30. gxf4 Qg6+ 31. Kf1 Qg4 32. cxb5 Qh3+ 33. Ke1
Qf3 34. Qxc5 Qe4+ 35. Kd1 Qf3+ 36. Kc2 b3+ 37. axb3 Qe4+ 38. Kc3 Qe1+ 39. Kc2
Qe4+ 40. Rd3 Qe2+ 41. Kc3 Qe1+ 42. Kc4 Qc1+ 43. Kb4 Qe1+ 44. Rc3 Kf7 45. b6
Qe4+ 46. Rc4 Qe1+ 47. Kb5 Qd1 48. b4 Qd8 49. Qd6 Qe8+ 50. Qc6 Qb8 51. Rd4 1-0

[Event "DEM U12 2011"]
[Site "Oberhof GER"]
[Date "2011.06.16"]
[Round "8"]
[White "Perske, Thore"]
[Black "Reimers, Juri"]
[Result "1-0"]
[Termination "time forfeit"]
[Board "10"]
[WhiteElo "1830"]
[BlackElo "1675"]
[PlyCount "169"]
[WhiteFideId "12902195"]
[BlackFideId "24661511"]
[EventCountry "GER"]
[EventRounds "11"]
[EventType "swiss"]
[EventDate "2011.06.11"]

1. e4 d5 2. exd5 Qxd5 3. Nc3 Qd6 4. d4 Nf6 5. Bc4 a6 6. Nge2 b5 7. Bb3 e6 8.
Bf4 Qb6 9. Qd3 Bb7 10. d5 c5 11. dxc6 Nxc6 12. O-O Bc5 13. Qh3 O-O 14. Bg5 Be7
15. Rad1 Rad8 16. Rxd8 Rxd8 17. Bxe6 fxe6 18. Qxe6+ Kf8 19. Bxf6 Bxf6 20. Nd5
Rxd5 21. Qxd5 Nd4 22. Qh5 Qc6 23. Nf4 g5 24. Qh6+ Kg8 25. Qh3 gxf4 26. Qg4+ Kf8
27. Re1 Nf3+ 28. Qxf3 Qxf3 29. gxf3 Kf7 30. c3 Bxf3 31. Ra1 a5 32. Rc1 a4 33.
c4 b4 34. b3 axb3 35. axb3 Be2 36. Kg2 Bg5 37. f3 Bf6 38. Kf2 Bd3 39. Kg2 Bf5
40. Kf2 Bb2 41. Rd1 Bc3 42. Rc1 Bd2 43. Rd1 Be3+ 44. Ke2 Bc2 45. Rd7+ Kg6 46.
Rb7 Bc5 47. Rb5 Be7 48. Rb7 Kf6 49. c5 Bxb3 50. Rxb4 50... Be6 $11 51. Rxf4+
Ke5 52. Re4+ Kd5 53. c6 Bd6 54. Rh4 Bf5 55. Rh5 Ke6 56. Kf2 Bg6 57. Rh4 Kd5 58.
Kg2 Kxc6 59. Ra4 59... Kd5 $11 60. f4 Ke6 61. Kg3 Kf5 62. h3 Bb8 63. Ra5+ Ke4
64. Ra4+ Kf5 65. Kf3 Bh5+ 66. Ke3 Bg6 67. Ra5+ Ke6 68. Kf3 Bf5 69. Kg3 Bd6 70.
Ra2 Bg6 71. Ra5 Bf5 72. Rb5 Be7 73. Rb7 Bd6 74. Rg7 74... Bf8 $11 75. Ra7 Bd6
76. Ra6 Kd5 77. Ra4 Ke6 78. Ra2 Kd5 79. Re2 Bb8 80. h4 h5 81. Re8 81... Bd6 $11
82. Rd8 Ke6 83. Rh8 Bg4 84. Rh6+ 84... Ke7 $11 85. Rg6 1-0

[Event "DEM U12 2011"]
[Site "Oberhof GER"]
[Date "2011.06.16"]
[Round "8"]
[White "Urban, Konstantin"]
[Black "Böhning, Kilian"]
[Result "0-1"]
[Termination "normal"]
[Board "11"]
[WhiteElo "1648"]
[BlackElo "1708"]
[PlyCount "70"]
[WhiteFideId "12927511"]
[BlackFideId "1270499"]
[EventCountry "GER"]
[EventRounds "11"]
[EventType "swiss"]
[EventDate "2011.06.11"]

1. e4 c5 2. Nf3 Nc6 3. d4 cxd4 4. Nxd4 g6 5. Nc3 Bg7 6. Be3 Nf6 7. Bc4 Qa5 8.
Bb3 Nxe4 9. Qd3 Nc5 10. Qb5 Nxb3 11. cxb3 Qxb5 12. Ndxb5 O-O 13. O-O d6 14.
Rfe1 Bd7 15. Re2 a6 16. Nc7 Rac8 17. N7d5 e6 18. Nb6 Rcd8 19. Rd1 d5 20. Bc5
Rfe8 21. Bd6 Bd4 22. Nba4 Kg7 23. Bc7 h5 24. Bxd8 Rxd8 25. Red2 e5 26. Kh1 Bf5
27. h3 g5 28. a3 g4 29. hxg4 hxg4 30. Kh2 Rh8+ 31. Kg3 Be6 32. f3 f5 33. fxg4
f4+ 34. Kf3 Rh4 35. g3 e4+ 0-1

[Event "DEM U12 2011"]
[Site "Oberhof GER"]
[Date "2011.06.16"]
[Round "8"]
[White "Brandl, Lea Maria"]
[Black "Ovsepyan, Arshak"]
[Result "0-1"]
[Termination "normal"]
[Board "12"]
[WhiteElo "1546"]
[BlackElo "1950"]
[PlyCount "62"]
[WhiteFideId "24693049"]
[BlackFideId "24690236"]
[EventCountry "GER"]
[EventRounds "11"]
[EventType "swiss"]
[EventDate "2011.06.11"]

1. d4 d5 2. c4 c6 3. Nf3 Nf6 4. Nc3 g6 5. Bf4 Bg7 6. e3 a6 7. Rc1 O-O 8. Bd3
Be6 9. Qe2 Nbd7 10. a3 b5 11. c5 a5 12. a4 b4 13. Nb1 Bg4 14. Nbd2 Re8 15. h3
Bxf3 16. Nxf3 Ne4 17. Bxe4 dxe4 18. Nd2 e5 19. dxe5 Bxe5 20. Bxe5 Nxe5 21. O-O
Nd3 22. Rc2 f5 23. Nb3 Qd5 24. Nd4 Rad8 25. b3 Rd7 26. Rb1 Rf7 27. Rc4 f4 28.
exf4 Rxf4 29. Rf1 Ref8 30. f3 Ne5 31. Ne6 Qxe6 0-1

[Event "DEM U12 2011"]
[Site "Oberhof GER"]
[Date "2011.06.16"]
[Round "8"]
[White "Nothnagel, Marian Can"]
[Black "Sieber, Fiona"]
[Result "0-1"]
[Termination "normal"]
[Board "13"]
[WhiteElo "1613"]
[BlackElo "1689"]
[PlyCount "128"]
[WhiteFideId "12921530"]
[BlackFideId "12902373"]
[EventCountry "GER"]
[EventRounds "11"]
[EventType "swiss"]
[EventDate "2011.06.11"]

1. e4 c5 2. c3 Nf6 3. e5 Nd5 4. d4 cxd4 5. Nf3 d6 6. cxd4 Nc6 7. Nc3 dxe5 8.
dxe5 Nxc3 9. bxc3 Qxd1+ 10. Kxd1 Bg4 11. Bf4 g6 12. Bb5 Bg7 13. Re1 O-O 14. Kc2
Rfd8 15. h3 Bf5+ 16. Kb2 a6 17. Bc4 Na5 18. Bb3 Nxb3 19. axb3 Rd5 20. Rad1 Rad8
21. Rd4 Rxd4 22. Nxd4 Bc8 23. Bg3 Kf8 24. f4 b6 25. Rd1 Ke8 26. Bf2 Bb7 27. g3
g5 28. Re1 Bc8 29. h4 gxh4 30. gxh4 Bh6 31. Bg3 Bg4 32. b4 Rd5 33. Kb3 Rd8 34.
Ra1 Bc8 35. Kc2 Kd7 36. Nf5 Bf8 37. Nd4 Kc7 38. Kd3 Kb7 39. Ke3 Bg4 40. c4 Rc8
41. Kd3 Bh6 42. b5 a5 43. Nc6 Bf8 44. Nd4 Bh6 45. Nc6 Re8 46. Nd4 Bd7 47. Ke4
Rg8 48. Ra3 Rc8 49. Kd3 Bh3 50. Nc6 Bf8 51. Rc3 Bg2 52. Nd4 Bf1+ 53. Ne2 Bh6
54. Ke3 Rd8 55. Nd4 Bg2 56. Nf5 Bf8 57. Nd4 e6 58. Bf2 Bc5 59. Rd3 Bf1 60. Ke4
Bxd3+ 61. Kxd3 a4 62. Kc3 Bxd4+ 63. Bxd4 a3 64. Be3 Ra8 0-1

[Event "DEM U12 2011"]
[Site "Oberhof GER"]
[Date "2011.06.16"]
[Round "8"]
[White "Wächter, Nathalie"]
[Black "Angrick, Philipp"]
[Result "1/2-1/2"]
[Termination "normal"]
[Board "14"]
[WhiteElo "1707"]
[BlackElo "1834"]
[PlyCount "58"]
[WhiteFideId "12921033"]
[BlackFideId "12912298"]
[EventCountry "GER"]
[EventRounds "11"]
[EventType "swiss"]
[EventDate "2011.06.11"]

1. e4 c5 2. Nf3 Nc6 3. d4 cxd4 4. Nxd4 g6 5. c4 Bg7 6. Be3 Nf6 7. Nc3 O-O 8.
Be2 d6 9. O-O Nxd4 10. Bxd4 Nd7 11. Be3 Nc5 12. Qd2 Be6 13. f3 Qc7 14. b3 a6
15. Rac1 Rfe8 16. Rfd1 a5 17. Kh1 b6 18. Bf1 f5 19. exf5 Bxf5 20. Bd4 Rad8 21.
Bxg7 Kxg7 22. Nd5 Qb7 23. Qg5 Be6 24. Ne3 Bc8 25. Qd5 Qb8 26. Rd2 e5 27. Rdd1
Ne6 28. Qd2 Nd4 29. Nc2 Nc6 1/2-1/2

[Event "DEM U12 2011"]
[Site "Oberhof GER"]
[Date "2011.06.16"]
[Round "8"]
[White "Rätzke von Stoyentin, Steffen"]
[Black "Rempe, Moritz"]
[Result "0-1"]
[Termination "normal"]
[Board "15"]
[WhiteElo "1728"]
[BlackElo "1784"]
[PlyCount "118"]
[WhiteFideId "12907502"]
[BlackFideId "12906867"]
[EventCountry "GER"]
[EventRounds "11"]
[EventType "swiss"]
[EventDate "2011.06.11"]

1. e4 e6 2. d4 d5 3. Nd2 Nf6 4. e5 Nfd7 5. f4 c5 6. Ngf3 Nc6 7. c3 Be7 8. Bd3
a6 9. O-O Qb6 10. Qa4 Qa7 11. c4 Nb4 12. Qb3 b5 13. cxb5 c4 14. Nxc4 dxc4 15.
Bxc4 axb5 16. Bxb5 Rb8 17. Be2 Bb7 18. Be3 Bd5 19. Bc4 O-O 20. Bxd5 Nxd5 21.
Qd3 Rxb2 22. a3 Rfb8 23. Nd2 Nxe3 24. Qxe3 Rc2 25. Rfb1 Rbc8 26. Ne4 Qa6 27.
Re1 Rb2 28. Rec1 Rcc2 29. Rxc2 Rxc2 30. Qb3 Qe2 31. Qf3 Qxf3 32. gxf3 Rc4 33.
a4 Rxd4 34. a5 Nc5 35. a6 Rd8 36. Nc3 Nb3 37. Ra2 Bc5+ 38. Kf1 Rd2 39. Ra4 Rf2+
40. Ke1 Rxf3 41. a7 Bxa7 42. Rxa7 h6 43. Ne2 Rh3 44. Ra3 Rd3 45. Kf2 Nc5 46.
Rxd3 Nxd3+ 47. Ke3 Nc5 48. Nd4 Kh7 49. Kf3 Kg6 50. Kg4 Nd3 51. h4 Nf2+ 52. Kf3
Nd1 53. Kg4 Ne3+ 54. Kf3 Nf5 55. Nxf5 Kxf5 56. h5 g6 57. hxg6 fxg6 58. Kg3 g5
59. fxg5 hxg5 0-1

[Event "DEM U12 2011"]
[Site "Oberhof GER"]
[Date "2011.06.16"]
[Round "8"]
[White "Scholz, Robert"]
[Black "Nobis, Anna"]
[Result "1-0"]
[Termination "normal"]
[Board "16"]
[WhiteElo "1643"]
[BlackElo "1572"]
[PlyCount "63"]
[WhiteFideId "1270301"]
[BlackFideId "1270302"]
[EventCountry "GER"]
[EventRounds "11"]
[EventType "swiss"]
[EventDate "2011.06.11"]

1. e4 c5 2. Nc3 Nc6 3. Bb5 Nd4 4. Bc4 g6 5. Nf3 Bg7 6. Nxd4 cxd4 7. Qf3 Nh6 8.
Ne2 O-O 9. d3 Ng4 10. Bb3 Ne5 11. Qg3 Nc6 12. f4 d6 13. O-O e6 14. Qf3 Rb8 15.
a3 Qc7 16. Ba2 Ne7 17. Bb3 Nc6 18. Qf2 Bd7 19. Bd2 b5 20. g4 a5 21. f5 a4 22.
Ba2 b4 23. Qh4 bxa3 24. bxa3 Rb2 25. Bh6 Rxa2 26. Rxa2 exf5 27. Bxg7 Kxg7 28.
gxf5 f6 29. fxg6 hxg6 30. Nf4 Qd8 31. Qg3 Qe8 32. Nh5+ 1-0